Quick math quiz only a short - x 4 - quiz 19 - Statistics

General Stats
  • This quiz has been taken 33 times
  • The average score is 14 of 15
Answer Stats
X 4 Answer % Correct
25 100
100%
26 104
97%
34 136
97%
39 156
93%
41 164
93%
54 216
93%
63 252
93%
7 28
93%
73 292
93%
11 44
93%
17 68
93%
37 148
90%
49 196
90%
67 268
90%
69 276
90%
No matching quizzes found
Score Distribution
Percent of People with Each Score
Percentile by Number Answered
Your Score History
You have not taken this quiz